|
|
|
|
| LEADER |
01078nam a22003017a 4500 |
| 001 |
38849 |
| 003 |
BD-DhAAL |
| 008 |
220607t1989 ilu b 001 0 eng d |
| 999 |
|
|
|c 44343
|d 44343
|
| 010 |
|
|
|a 88004848
|
| 020 |
|
|
|a 0226707105 (pbk.)
|
| 020 |
|
|
|a 0226707091
|
| 040 |
|
|
|a DLC
|c DLC
|d DLC
|d BD-DhAAL
|
| 043 |
|
|
|a n-us---
|
| 050 |
0 |
0 |
|a HD6508
|b .R38 1989
|
| 082 |
0 |
0 |
|a 331.880973
|2 19
|
| 100 |
1 |
|
|a Rees, Albert,
|d 1921-
|9 49062
|
| 245 |
1 |
4 |
|a The economics of trade unions /
|c Albert Rees.
|
| 250 |
|
|
|a Third edition
|
| 260 |
|
|
|a Chicago :
|b University of Chicago Press,
|c 1989.
|
| 300 |
|
|
|a viii, 204 pages ;
|c 23 cm.
|
| 504 |
|
|
|a Includes bibliographical references and index.
|
| 541 |
|
|
|a Donated By Akbar Ali Khan
|e 38849
|
| 650 |
|
0 |
|a Labor unions
|z United States.
|9 49063
|
| 650 |
|
0 |
|a Economics.
|9 49064
|
| 852 |
|
|
|a Ayesha Abed Library
|c Akbar Ali Khan Collection
|
| 942 |
|
|
|2 ddc
|c BK
|
| 952 |
|
|
|0 0
|1 0
|2 ddc
|4 0
|6 331_880973000000000_REE
|7 0
|9 70838
|a BRACUL
|b BRACUL
|c CS1
|d 2022-06-07
|e Donated by Akbar Ali Khan
|l 0
|o 331.880973 REE
|p 3010038849
|r 2022-06-07
|t 1
|w 2022-06-07
|y BK
|